Statistics for Biology definitions

Click here to take the quiz!

General Stats

  • This quiz has been taken 118 times
    (106 since last reset)
  • The average score is 5 of 12

Answer Stats

DefinitionAnswer% Correct
One of a number of alternative forms of a gene.allele
78%
A thread like structure made of protein and DNA by which hereditary information is passed on.chromosome
75%
Section of DNA on a chromosome coding for one or more polypeptides.gene
65%
Possessing two different alleles of a geneheterozygous
62%
Possessing two identical alleles of a genehomozygous
62%
Observable features or characteristics of an organism.phenotype
62%
Displayed even when only one presentdominant allele
28%
Only displayed when two of it are present.recessive allele
28%
The stock of different genes in an interbreeding populationgene pool
27%
The (answer to question 1)s possesed by an organismgenotype
20%
The total number of an allele in a population divided by the total number of alleles at that particular locus in the same populationallele frequency
9%
Several different versions of code that affect characteristicsmultiple allele
5%

Score Distribution

Percentile by Number Answered

Percent of People with Each Score

Your Score History

You have not taken this quiz since the last reset